THE LANGUAGE OF CHEMISTRY OR CHEMICAL EQUATIONS AND HOW TO EQUATIOS AND HOW TO MASTER THEM (Record no. 8634)

MARC details
000 -LEADER
fixed length control field 00487nam a22001697a 4500
005 - DATE AND TIME OF LATEST TRANSACTION
control field 20240902141459.0
008 - FIXED-LENGTH DATA ELEMENTS--GENERAL INFORMATION
fixed length control field 240902b |||||||| |||| 00| 0 eng d
020 ## - INTERNATIONAL STANDARD BOOK NUMBER
ISBN 81-219-2532-0
041 ## - LANGUAGE CODE
Language code of text/sound track or separate title eng
082 ## - DEWEY DECIMAL CLASSIFICATION NUMBER
Classification number 541.22 TUL
100 ## - MAIN ENTRY--AUTHOR NAME
Personal name TULI, G.D. AND SONI, P. L .
245 ## - TITLE STATEMENT
Title THE LANGUAGE OF CHEMISTRY OR CHEMICAL EQUATIONS AND HOW TO EQUATIOS AND HOW TO MASTER THEM
260 ## - PUBLICATION, DISTRIBUTION, ETC. (IMPRINT)
Place of publication NEW DELHI
Name of publisher S.CHAND AND COMPANY
300 ## - PHYSICAL DESCRIPTION
Number of Pages 106,P
650 ## - SUBJECT ADDED ENTRY--TOPICAL TERM
Topical Term BMLT
942 ## - ADDED ENTRY ELEMENTS (KOHA)
Koha item type Books
Holdings
Lost status Damaged status Collection code Home library Current library Shelving location Date acquired Source of acquisition Cost, normal purchase price Serial Enumeration / chronology Full call number Accession Number Koha item type
    Bachelor of Medical Laboratory Technology JRU Library JRU Library SHELF-72-A 30/08/2024 PURCHASE 350.00 NEW ARRIVALS SHELF 541.22 28400 Books
    Bachelor of Medical Laboratory Technology JRU Library JRU Library SHELF-28-C 30/08/2024 PURCHASE 350.00   541.22 28401 Books